000 00637nam a2200241Ia 4500
003 OSt
005 20221005101634.0
006 a|||||r|||| 00| 0
007 ta
008 221004b |||||||| |||| 00| 0 mal d
024 _a55554
037 _cTextual
040 _aCRL
_cCRL
_bmal
041 _2mal
_amal
082 _aO32,2N101,14, J8
100 _aVarkey Ponkunnam
_9594462
245 0 _aPooja
260 _aTrichur
_bMangalodavam India
_c1958
300 _a181
_ccm.
650 _aMALAYALAM DRAMA
_9207189
942 _hO32,2N101,14, J8
_cTEXL
_2cc
999 _c1007112
_d1007112